| 000 | 00358nam a2200145Ia 4500 | ||
|---|---|---|---|
| 008 | 230312s9999||||xx |||||||||||||| ||und|| | ||
| 020 | _a0-07-471222-5 | ||
| 082 |
_a651.7 _bCOM |
||
| 245 | 0 | _aCommunication for Business | |
| 260 |
_bIRWIN McGraw Hill _aLondon _c2003 |
||
| 300 | _a364 | ||
| 546 | _aEng. | ||
| 650 |
_aManagement _vtopic discussed |
||
| 942 | _cBK | ||
| 999 |
_c1267 _d1267 |
||